000 00249 a2200097 4500
001 43597
100 _aLewis
245 _aConcise pronouncing dictionary of British American English
260 _aLondon
_bOxford Univ press
_c
090 _c27414
_d27414
942 _aNUST-CAE
_cM
_c19352
999 _c278670
_d278670